| 000 | 00561nam a2200181Ia 4500 | ||
|---|---|---|---|
| 999 |
_c21850 _d21850 |
||
| 003 | OSt | ||
| 005 | 20210206130155.0 | ||
| 008 | 190216s9999||||xx |||||||||||||| ||und|| | ||
| 020 | _c9788130922546 | ||
| 040 | _coclc | ||
| 082 |
_a954.035092 _bPAN/G |
||
| 100 |
_aPanter - Brick, Simone _9120 |
||
| 245 | 0 |
_aGandhi And Nationalism : _bThe Path To Indian Independence / _cSimone Panter - Brick |
|
| 260 |
_bViva Book, _c2012. _aNew Delhi: |
||
| 300 | _a225p | ||
| 650 | _aHistory | ||
| 942 |
_cBK _2ddc _h954.035092 _iPAN/G _k954.035092 _mPAN/G |
||